书目信息 |
| 题名: |
潮汐学
|
|
| 作者: | 陈宗镛 编著 | |
| 分册: | ||
| 出版信息: | 北京 科学出版社 1980 |
|
| 页数: | 301页 | |
| 开本: | 26cm | |
| 丛书名: | 海洋湖沼科学理论丛书 | |
| 单 册: | ||
| 中图分类: | P732.3 | |
| 科图分类: | ||
| 主题词: | 海洋--热带--气象 | |
| 电子资源: | ||
| ISBN: | ||
| 000 | 00681nam2 2200253 45 | |
| 001 | 0180008797 | |
| 005 | 20041202105523.7 | |
| 010 | @dCNY3.00 | |
| 091 | @a13031.1191 | |
| 100 | @a19950518d1980 em y0chiy0121 ea | |
| 101 | 0 | @achi |
| 102 | @aCN@b110000 | |
| 105 | @ay z 000yy | |
| 200 | 10 | @a潮汐学@Achao xi xue@f陈宗镛编著@FChen Zong Yong Bian Zhu |
| 210 | @a北京@c科学出版社@d1980 | |
| 215 | @a301页@d26cm | |
| 225 | 2 | @a海洋湖沼科学理论丛书 |
| 410 | 0 | @120010@a海洋湖沼科学理论丛书 |
| 606 | 0 | @a海洋@x热带@x气象 |
| 690 | @aP732.3@v3 | |
| 701 | 0 | @a陈宗镛@4编著 |
| 801 | 0 | @aCN@b上海图书馆@c20040524 |
| 801 | 2 | @aCN@bNLC@c20040524 |
| 905 | @dP732.3@e23@f1@b244711 | |
| 潮汐学/陈宗镛编著.-北京:科学出版社,1980 |
| 301页;26cm.-(海洋湖沼科学理论丛书) |
| ISBN :CNY3.00 |
| ● |
| 相关链接 |
|
|
|
|
正题名:潮汐学
索取号:P732.3/23
 
预约/预借
| 序号 | 登录号 | 条形码 | 馆藏地/架位号 | 状态 | 备注 |
| 1 | 0244710 | 000624541 | 第三借阅区/ [索取号:P732.3/23] | 在馆 | |
| 2 | 0244711 | 000624550 | 密集书库/ [索取号:P732.3/23] | 在馆 | |
| 3 | 0244712 | 001930619 | 密集书库/ [索取号:P732.3/23] | 在馆 | |
| 4 | 0244713 | 000624569 | 密集书库/ [索取号:P732.3/23] | 在馆 | |
| 5 | 0244714 | 202122540 | 第二样本阅览室/ [索取号:P732.3/23] | 在馆 |